000 00649nam a2200241Ia 4500
005 20250425162227.0
008 250425s9999 xx 000 0 und d
020 _a8432911550
041 _aspa
082 _a629.27
100 _aDE CASTRO, MIGUEL
245 0 _aACCESORIOS DE ULTIMA GENERACION: CIRCUITOS, SEGURIDAD, CONFORT, MANTENIMIENTO Y NAVEGACION
250 _a1A ED.
260 _aBARCELONA
260 _aEspaƱa
_bCEAC
_c2001
300 _a285
650 _aACCESORIOS DE VEHICULOS
650 _aCONTROL ELECTRONICO
650 _aEQUIPO ELECTRICO
650 _aTECNOLOGIA AUTOMOVILISTICA
942 _c01
010 _a57961
999 _c224949
_d224949